000 00480nam a22001817a 4500
005 20240305154252.0
008 240123b |||||||| |||| 00| 0 eng d
020 _a9788184734287
082 _a612
_bCOS-P
100 _aCostanzo, Linda S
245 _aPhysiology:
_bBRS/
_cLinda S. Costanzo
250 _a5th ed.
260 _aIndia:
_bLippincott;
_c2011.
300 _axiii, 314 p. :
_bill,
_c25.5 cm.
500 _aInclude Index.
650 _aPhysiology/Medical
999 _c35105
_d35105